Maxwell's demon 2 : (Record no. 30116)

000 -LEADER
fixed length control field 00654 a2200193 4500
020 ## - INTERNATIONAL STANDARD BOOK NUMBER
International Standard Book Number 0750307595
020 ## - INTERNATIONAL STANDARD BOOK NUMBER
International Standard Book Number 9780750307598
082 04 - DEWEY DECIMAL CLASSIFICATION NUMBER
Classification number 536.71
090 ## - LOCALLY ASSIGNED LC-TYPE CALL NUMBER (OCLC); LOCAL CALL NUMBER (RLIN)
-- 1505
-- 1505
100 ## - MAIN ENTRY--PERSONAL NAME
Personal name Leff, Harvey S.
245 10 - TITLE STATEMENT
Title Maxwell's demon 2 :
Remainder of title entropy, classical and quantum information, computing /
Statement of responsibility, etc. Harvey Leff, Andrew F. Rex.
250 ## - EDITION STATEMENT
Edition statement 1st ed.
260 ## - PUBLICATION, DISTRIBUTION, ETC.
Place of publication, distribution, etc. [S.l.] :
Name of publisher, distributor, etc. Taylor & Francis,
Date of publication, distribution, etc. 2002.
300 ## - PHYSICAL DESCRIPTION
Extent 502 p. ;
Dimensions 25 cm.
700 1# - ADDED ENTRY--PERSONAL NAME
Personal name Leff, Harvey.
700 1# - ADDED ENTRY--PERSONAL NAME
Personal name Rex, Andrew F.
942 ## - ADDED ENTRY ELEMENTS (KOHA)
Institution code [OBSOLETE] SNS
Koha item type Book
Call number prefix 536.71 LEF
Holdings
Withdrawn status Lost status Damaged status Not for loan Permanent Location Current Location Date acquired Total Checkouts Full call number Barcode Date last seen Price effective from Koha item type
        School of Natural Sciences (SNS) School of Natural Sciences (SNS) 05/26/2016   536.71 LEF SNS0000626 05/26/2016 05/26/2016 Book
© 2023 Central Library, National University of Sciences and Technology. All Rights Reserved.